[Event "Gora Sw Anny op 5th"]
[Site "Gora Sw Anny"]
[Date "2012.01.17"]
[Round "7"]
[White "Klimek, Piotr"]
[Black "Gruca, Zdzislaw"]
[Result "1-0"]
[WhiteElo "1701"]
[BlackElo "1924"]
[PlyCount "127"]
[EventDate "2012.01.11"]
[EventType "swiss"]
[EventRounds "9"]
[EventCountry "POL"]
[SourceTitle "CBM 146 Extra"]
[Source "ChessBase"]
[SourceDate "2012.02.29"]
[SourceVersion "1"]
[SourceVersionDate "2012.02.29"]
[SourceQuality "1"]

1. e4 d5 2. exd5 Qxd5 3. Nc3 Qa5 4. d4 Nf6 5. Nf3 Bf5 6. Ne5 c6 7. Bd3 Bxd3 8. Qxd3 e6 9. 0-0 Be7 10. Ne4 Nxe4 11. Qxe4 0-0 12. Re1 Qd5 13. Qg4 g6 14. Bh6 Re8 15. h4 Bf8 16. Qf4 f5 17. h5 Nd7 18. c4 Qd6 19. Bxf8 Nxf8 20. hxg6 hxg6 21. Nxg6 Qxf4 22. Nxf4 Rad8 23. Rad1 Kf7 24. Nd3 Kf6 25. Ne5 Rd6 26. Rd2 c5 27. Nf3 Red8 28. Red1 cxd4 29. Rxd4 Rxd4 30. Rxd4 Rxd4 31. Nxd4 e5 32. Nb5 a6 33. Nd6 b6 34. f3 Ke6 35. Nc8 Nd7 36. b4 e4 37. fxe4 fxe4 38. Kf2 Ke5 39. Ke3 b5 40. c5 Nf6 41. Nd6 Nd5+ 42. Kd2 Nxb4 43. g4 Nd5 44. g5 Ne7 45. Ke3 Nd5+ 46. Kd2 Kd4 47. g6 e3+ 48. Ke1 Kxc5 49. g7 Nf6 50. Ne4+ Nxe4 51. g8Q Kd4 52. Qa8 Nc5 53. Qa7 Kc4 54. Ke2 b4 55. Kxe3 Kb5 56. Kd4 Ne6+ 57. Kd5 Nf4+ 58. Ke4 Ne2 59. Qd7+ Ka5 60. Qd5+ Kb6 61. Qd8+ Kb7 62. Qe7+ Kc6 63. Qxb4 Ng3+ 64. Kf3 1-0

[Event "Gora Sw Anny op 5th"]
[Site "Gora Sw Anny"]
[Date "2012.01.13"]
[Round "3"]
[White "Korpalska, Joanna"]
[Black "Gruca, Zdzislaw"]
[Result "0-1"]
[WhiteElo "1634"]
[BlackElo "1924"]
[PlyCount "68"]
[EventDate "2012.01.11"]
[EventType "swiss"]
[EventRounds "9"]
[EventCountry "POL"]
[SourceTitle "CBM 146 Extra"]
[Source "ChessBase"]
[SourceDate "2012.02.29"]
[SourceVersion "1"]
[SourceVersionDate "2012.02.29"]
[SourceQuality "1"]

1. e4 d5 2. exd5 Qxd5 3. Nc3 Qa5 4. d4 Nf6 5. Nf3 Bf5 6. Ne5 c6 7. g4 Bg6 8. h4 Nbd7 9. Nc4 Qc7 10. Qf3 h6 11. Bf4 Qd8 12. Qe2 e6 13. Nd6+ Bxd6 14. Bxd6 Nb6 15. Be5 Nbd5 16. Nxd5 Qxd5 17. Rh3 Qe4 18. Qxe4 Bxe4 19. Bd3 Bxd3 20. Rxd3 Nxg4 21. Bxg7 Rg8 22. Rg3 Rxg7 23. f3 h5 24. 0-0-0 f5 25. fxg4 hxg4 26. Re1 Kf7 27. Rb3 Kf6 28. Kd2 Rh8 29. Rh1 Rgh7 30. Ke3 Rxh4 31. Rxh4 Rxh4 32. Rxb7 Rh3+ 33. Ke2 f4 34. Rb8 Kf5 0-1

[Event "Gora Sw Anny op 4th"]
[Site "Gora Sw Anny"]
[Date "2011.02.17"]
[Round "7"]
[White "Gruca, Zdzislaw"]
[Black "Wacior, Maciej"]
[Result "0-1"]
[WhiteElo "2025"]
[BlackElo "1635"]
[PlyCount "84"]
[EventDate "2011.02.12"]
[EventType "swiss"]
[EventRounds "9"]
[EventCountry "POL"]
[SourceTitle "CBM 140 Extra"]
[Source "ChessBase"]
[SourceDate "2011.03.01"]
[SourceVersion "1"]
[SourceVersionDate "2011.03.01"]
[SourceQuality "1"]

1. e4 c6 2. d4 d5 3. Nc3 dxe4 4. Nxe4 Bf5 5. Ng3 Bg6 6. Nh3 e5 7. dxe5 Qa5+ 8. c3 Qxe5+ 9. Be2 Nd7 10. 0-0 0-0-0 11. Qa4 Bc5 12. Bf4 Qe7 13. Rfe1 f6 14. Bg4 Qf8 15. Be6 Bf7 16. Rad1 Bxe6 17. Rxe6 Ne7 18. Rde1 g5 19. Be3 Qg8 20. Qe4 Nd5 21. Nf5 Bxe3 22. Rxe3 Nc5 23. Qxd5 Rxd5 24. Ne7+ Kd8 25. Nxg8 Nxe6 26. g3 Rxg8 27. Rxe6 Rf8 28. f4 Kd7 29. Re4 g4 30. Nf2 f5 31. Ra4 a6 32. c4 Rd2 33. Rb4 Kc7 34. Rb3 Re8 35. Kf1 Ree2 36. Nd3 Rxh2 37. Ke1 Rdg2 38. Kf1 Rxg3 39. c5 Rf3+ 40. Kg1 Rhh3 41. Nf2 Rxb3 42. Nxh3 Rxh3 0-1